[Event "Titled Tuesday intern op 13th Jun Late"]
[Site "Chess.com INT"]
[Date "2023.06.13"]
[Round "1"]
[White "Fernandez Garcia, Gumersindo"]
[Black "Rudnicki, Milosz"]
[Result "0-1"]
[WhiteElo "2160"]
[BlackElo "2163"]
[PlyCount "84"]
[EventDate "2023.06.13"]
[EventType "swiss (blitz)"]
[EventRounds "11"]
[EventCountry "USA"]
[SourceTitle "EXT 2024"]
[Source "ChessBase"]
[SourceDate "2023.10.10"]
[SourceVersion "1"]
[SourceVersionDate "2023.10.10"]
[SourceQuality "1"]

1. d4 Nf6 2. c4 e6 3. Nf3 b6 4. g3 Bb7 5. Bg2 d5 6. cxd5 exd5 7. 0-0 Be7 8. Ne5 0-0 9. Nc3 c6 10. Bf4 Na6 11. Rc1 Nc7 12. e4 Ne6 13. Be3 Rc8 14. exd5 Nxd5 15. Nxd5 cxd5 16. Qa4 a6 17. Rxc8 Qxc8 18. Rc1 Qa8 19. Nd7 Rc8 20. Nxb6 Rxc1+ 21. Bxc1 Qd8 22. Nd7 Nxd4 23. Qxd4 Qxd7 24. h4 Bf6 25. Qb6 h6 26. b3 Qc6 27. Qe3 Qd7 28. Ba3 d4 29. Qd2 Bxg2 30. Kxg2 Qd5+ 31. Kg1 Qe4 32. Bb2 d3 33. Bxf6 gxf6 34. f4 Qf3 35. Qf2 Qd1+ 36. Kh2 d2 37. f5 Qe1 38. Qf4 Qe2+ 39. Kh3 d1Q 40. Qb8+ Kh7 41. g4 Qh1+ 42. Kg3 Qe3# 0-1

[Event "Titled Tuesday intern op 13th Jun Late"]
[Site "Chess.com INT"]
[Date "2023.06.13"]
[Round "7"]
[White "Rudnicki, Milosz"]
[Black "Pert, Richard G"]
[Result "1-0"]
[WhiteElo "2163"]
[BlackElo "2421"]
[PlyCount "47"]
[EventDate "2023.06.13"]
[EventType "swiss (blitz)"]
[EventRounds "11"]
[EventCountry "USA"]
[SourceTitle "EXT 2024"]
[Source "ChessBase"]
[SourceDate "2023.10.10"]
[SourceVersion "1"]
[SourceVersionDate "2023.10.10"]
[SourceQuality "1"]

1. d4 Nf6 2. Bf4 c5 3. e3 g6 4. Nc3 Bg7 5. h4 cxd4 6. exd4 d6 7. Bc4 Nc6 8. h5 Nxh5 9. Rxh5 gxh5 10. Qxh5 Rf8 11. 0-0-0 Bxd4 12. Nb5 Qb6 13. Nf3 Bxf2 14. Bxd6 Be3+ 15. Kb1 exd6 16. Nxd6+ Ke7 17. Qh4+ f6 18. Qxh7+ Kd8 19. Nb5+ Ke8 20. Nc7+ Qxc7 21. Qxc7 f5 22. Ne5 f4 23. Nxc6 bxc6 24. Rd8# 1-0

[Event "Titled Tuesday intern op 13th Jun Late"]
[Site "Chess.com INT"]
[Date "2023.06.13"]
[Round "11"]
[White "Rudnicki, Milosz"]
[Black "Tokhirjonova, Gulruhbegim"]
[Result "0-1"]
[WhiteElo "2163"]
[BlackElo "2340"]
[PlyCount "76"]
[EventDate "2023.06.13"]
[EventType "swiss (blitz)"]
[EventRounds "11"]
[EventCountry "USA"]
[SourceTitle "EXT 2024"]
[Source "ChessBase"]
[SourceDate "2023.10.10"]
[SourceVersion "1"]
[SourceVersionDate "2023.10.10"]
[SourceQuality "1"]

1. d4 Nf6 2. Bf4 d5 3. e3 c5 4. c3 Nc6 5. Nd2 e6 6. Ngf3 Bd6 7. Bg3 0-0 8. Bd3 b6 9. Qe2 Bb7 10. a4 Re8 11. 0-0 e5 12. dxe5 Nxe5 13. Nxe5 Bxe5 14. Bxe5 Rxe5 15. Nf3 Re7 16. Rfd1 Qc7 17. Qc2 h6 18. h3 Rd8 19. a5 Qc8 20. axb6 axb6 21. Ra7 Ree8 22. Rda1 d4 23. cxd4 Bxf3 24. Bf5 Qc6 25. gxf3 Qxf3 26. dxc5 bxc5 27. Qc4 Rf8 28. Bg4 Nxg4 29. Qxg4 Qf6 30. Rb7 Rd2 31. Qf4 Qg6+ 32. Kh2 Qc2 33. Kg2 Rd5 34. h4 Qg6+ 35. Qg3 Qc6 36. Qf3 Qxb7 37. Rd1 Rd7 38. Rxd7 Qxd7 0-1

[Event "Titled Tuesday intern op 13th Jun Late"]
[Site "Chess.com INT"]
[Date "2023.06.13"]
[Round "3"]
[White "Rudnicki, Milosz"]
[Black "Zomorrodian, Eilia"]
[Result "0-1"]
[WhiteElo "2163"]
[BlackElo "2109"]
[PlyCount "86"]
[EventDate "2023.06.13"]
[EventType "swiss (blitz)"]
[EventRounds "11"]
[EventCountry "USA"]
[SourceTitle "EXT 2024"]
[Source "ChessBase"]
[SourceDate "2023.10.10"]
[SourceVersion "1"]
[SourceVersionDate "2023.10.10"]
[SourceQuality "1"]

1. d4 Nf6 2. Bf4 g6 3. Nc3 Bg7 4. e3 0-0 5. h4 h5 6. Nf3 d6 7. Ng5 c5 8. dxc5 dxc5 9. Bc4 e6 10. Qxd8 Rxd8 11. Ke2 Nc6 12. Rad1 Bd7 13. Bc7 Rdc8 14. Bg3 a6 15. a4 Na5 16. Ba2 Bc6 17. f3 b5 18. Rd6 b4 19. Nce4 Nxe4 20. fxe4 Bf6 21. Nxf7 Kxf7 22. Rxe6 Kg7 23. Rf1 Bxb2 24. Bd5 Bxd5 25. exd5 Re8 26. e4 Nc4 27. Kd3 Rxe6 28. dxe6 Ne5+ 29. Bxe5+ Bxe5 30. Rf7+ Kg8 31. Kc4 Bd4 32. Rd7 Re8 33. Kd5 Bf6 34. g3 Bd4 35. Kd6 Kf8 36. Rf7+ Kg8 37. e5 c4 38. Rc7 b3 39. cxb3 cxb3 40. Kd7 Kf8 41. Rb7 Re7+ 42. Kc6 Rxb7 43. Kxb7 b2 0-1

[Event "POL-chT 2nd League"]
[Site "Jastrzebia Gora"]
[Date "2022.09.03"]
[Round "1.49"]
[White "Putlak, Wojciech"]
[Black "Rudnicki, Milosz"]
[Result "1/2-1/2"]
[WhiteElo "1994"]
[BlackElo "2200"]
[PlyCount "116"]
[EventDate "2022.09.03"]
[EventType "team-swiss"]
[EventRounds "9"]
[EventCountry "POL"]
[SourceTitle "CBM 210 Extra"]
[Source "ChessBase"]
[SourceDate "2022.11.30"]
[SourceVersion "1"]
[SourceVersionDate "2022.11.30"]
[SourceQuality "1"]
[WhiteTeam "Lipusz WDA"]
[BlackTeam "Grzybowo GKSz Solny"]
[WhiteTeamCountry "POL"]
[BlackTeamCountry "POL"]

1. Nf3 d5 2. d4 Nf6 3. Bf4 c5 4. e3 Nc6 5. c4 Bg4 6. Be2 cxd4 7. Nxd4 Bxe2 8. Qxe2 e6 9. Nxc6 bxc6 10. 0-0 Be7 11. Nc3 0-0 12. Rfd1 Qb6 13. cxd5 cxd5 14. Rac1 Rfc8 15. h3 Rc4 16. b3 Rc6 17. Na4 Qb7 18. Be5 Rac8 19. Bb2 Ne4 20. Qd3 Bf6 21. Rxc6 Qxc6 22. Bxf6 Nxf6 23. Qd4 Qc2 24. Rd2 Qc1+ 25. Rd1 Qc2 26. Rd2 Qb1+ 27. Rd1 Qxa2 28. Qxa7 Qxb3 29. Ra1 Qb8 30. Qa5 h6 31. Qe1 Qb3 32. Qa5 Qb7 33. Qe1 Ne4 34. Rb1 Qc6 35. Ra1 Ra8 36. Qd1 Qa6 37. Ra2 Qc4 38. Ra1 Qa6 39. Ra2 g6 40. Nc3 Qb7 41. Rxa8+ Qxa8 42. Nxe4 dxe4 43. g3 Qd5 44. Qa1 Qf5 45. h4 Kh7 46. Qa3 g5 47. hxg5 Qxg5 48. Qf8 Qf5 49. Qd8 Kg7 50. Qd4+ Kg6 51. Qh8 Qf6 52. Qg8+ Qg7 53. Qa8 Kf5 54. Qb8 Qg4 55. Qf8 Qg6 56. Qd6 Qg4 57. Qf8 Qh5 58. Qb8 Kg4 1/2-1/2

[Event "EU-ch Rapid"]
[Site "Katowice"]
[Date "2021.12.19"]
[Round "9"]
[White "Redzisz, Michal"]
[Black "Rudnicki, Milosz"]
[Result "1-0"]
[WhiteElo "2261"]
[BlackElo "2200"]
[PlyCount "123"]
[EventDate "2021.12.18"]
[EventType "swiss (rapid)"]
[EventRounds "11"]
[EventCountry "POL"]
[SourceTitle "CBM 205 Extra"]
[Source "ChessBase"]
[SourceDate "2022.01.31"]
[SourceVersion "1"]
[SourceVersionDate "2022.01.31"]
[SourceQuality "1"]

1. d4 Nf6 2. c4 e6 3. Nc3 Bb4 4. e3 0-0 5. Nge2 d5 6. a3 Be7 7. cxd5 exd5 8. Nf4 c6 9. Bd3 Re8 10. 0-0 Nbd7 11. f3 Nf8 12. Qc2 Ne6 13. b4 Nxf4 14. exf4 a5 15. b5 c5 16. dxc5 Bxc5+ 17. Kh1 b6 18. Na4 Bd4 19. Bb2 Bxb2 20. Qxb2 Bb7 21. Qd4 Nd7 22. Bf5 Rb8 23. Rad1 Ba8 24. Bxd7 Qxd7 25. Nxb6 Qxb5 26. Nxa8 Rxa8 27. Qxd5 Qa4 28. Qd6 Re6 29. Qc5 Qxf4 30. Qxa5 Qb8 31. Qb4 Rb6 32. Qe7 Re6 33. Qb4 Rb6 34. Qe7 Re6 35. Qc5 Rea6 36. Rd3 Ra5 37. Qb4 Qa7 38. Rfd1 h6 39. Rd8+ Kh7 40. Qe4+ f5 41. Qxa8 Qxa8 42. Rxa8 Rxa8 43. Ra1 Ra4 44. Kg1 Kg6 45. Kf2 Kf6 46. Ke3 Ke5 47. Ra2 g5 48. Kd3 g4 49. fxg4 fxg4 50. Kc3 Kd5 51. Kb3 Ra8 52. a4 Kc5 53. a5 Ra6 54. Kc3 h5 55. g3 h4 56. gxh4 Kb5 57. Kd4 Kb4 58. Rb2+ Ka4 59. Ke4 Rh6 60. a6 Ka3 61. a7 Ra6 62. Rb7 1-0

[Event "EU-ch Rapid"]
[Site "Katowice"]
[Date "2021.12.19"]
[Round "7"]
[White "Vingris, Mikelis"]
[Black "Rudnicki, Milosz"]
[Result "1/2-1/2"]
[WhiteElo "1749"]
[BlackElo "2200"]
[PlyCount "117"]
[EventDate "2021.12.18"]
[EventType "swiss (rapid)"]
[EventRounds "11"]
[EventCountry "POL"]
[SourceTitle "CBM 205 Extra"]
[Source "ChessBase"]
[SourceDate "2022.01.31"]
[SourceVersion "1"]
[SourceVersionDate "2022.01.31"]
[SourceQuality "1"]

1. e4 c5 2. Nf3 Nc6 3. d4 cxd4 4. Nxd4 g6 5. Nc3 Bg7 6. Be3 Nf6 7. Bc4 0-0 8. Bb3 d6 9. f3 Nd7 10. Qd2 Nb6 11. 0-0 Na5 12. Qd3 Nxb3 13. axb3 Bd7 14. Nce2 Qc7 15. c4 Bc6 16. Ra2 Nd7 17. b4 a5 18. Rfa1 b6 19. Nb5 Qb7 20. bxa5 Rxa5 21. Rxa5 bxa5 22. Rxa5 Bxb2 23. Qc2 Bf6 24. Qa2 Ra8 25. Ned4 Rxa5 26. Qxa5 Kg7 27. g3 Ne5 28. Qa2 Bd7 29. Kf2 Nc6 30. Nxc6 Bxc6 31. Nd4 Bd7 32. Qb3 Qa6 33. f4 Qa1 34. Nf3 Bh3 35. Ne1 Bc3 36. Ng2 Be6 37. h4 Bd4 38. Bxd4+ Qxd4+ 39. Ne3 h5 40. f5 gxf5 41. exf5 Bxf5 42. Ke2 Be6 43. Qb5 Bg4+ 44. Nxg4 Qxg4+ 45. Kf2 Kg6 46. Qc6 Kf6 47. Qc7 Qe4 48. Qd8 Qf5+ 49. Kg2 Qe4+ 50. Kf2 Qc2+ 51. Kf3 Qd1+ 52. Kf2 Ke6 53. Qc8+ Ke5 54. Qh8+ Ke4 55. Qh7+ Kd4 56. Qxf7 Qd2+ 57. Kg1 Qe1+ 58. Kg2 Qe4+ 59. Kf2 1/2-1/2